Integrated molecular and cellular biophysics (Record no. 1210214)

MARC details
000 -LEADER
fixed length control field 00990nam a2200289Ia 4500
003 - CONTROL NUMBER IDENTIFIER
control field OSt
005 - DATE AND TIME OF LATEST TRANSACTION
control field 20221007122344.0
008 - FIXED-LENGTH DATA ELEMENTS--GENERAL INFORMATION
fixed length control field 221006b |||||||| |||| 00| 0 eng d
020 ## - INTERNATIONAL STANDARD BOOK NUMBER
International Standard Book Number 9781402082672 (hbd)
037 ## - SOURCE OF ACQUISITION
Terms of availability Textbook
040 ## - CATALOGING SOURCE
Original cataloging agency PAPL
Transcribing agency PAPL
Language of cataloging eng
041 ## - LANGUAGE CODE
Source of code eng
Language code of text/sound track or separate title eng
100 ## - MAIN ENTRY--PERSONAL NAME
Personal name Raicu Valerica
9 (RLIN) 444845
245 #0 - TITLE STATEMENT
Title Integrated molecular and cellular biophysics
Remainder of title Popescu Aurel
260 ## - PUBLICATION, DISTRIBUTION, ETC.
Place of publication, distribution, etc. Berlin
Name of publisher, distributor, etc. Springer
Date of publication, distribution, etc. 2008
300 ## - PHYSICAL DESCRIPTION
Extent x, 250p.
Dimensions cm.
500 ## - GENERAL NOTE
General note Appendices 227-229p.; Includes bibliographical references.; Index 231-250p.
650 ## - SUBJECT ADDED ENTRY--TOPICAL TERM
Topical term or geographic name entry element Cellular biophysics
9 (RLIN) 444846
650 ## - SUBJECT ADDED ENTRY--TOPICAL TERM
Topical term or geographic name entry element Physics
700 ## - ADDED ENTRY--PERSONAL NAME
Personal name Popescu Aurel
9 (RLIN) 444847
942 ## - ADDED ENTRY ELEMENTS (KOHA)
Classification part G11:(C), P8 Carpa
Koha item type Textbook
Source of classification or shelving scheme Colon Classification (CC)
Holdings
Withdrawn status Lost status Source of classification or shelving scheme Damaged status Not for loan Home library Current library Date acquired Source of acquisition Total Checkouts Full call number Barcode Date last seen Price effective from Koha item type
    Colon Classification (CC)     Department of Physics and Astrophysics Library Department of Physics and Astrophysics Library 2022-10-07 294, 12/12/2008, Ashutosh Technical Books   G11:(C) P8 Carpa PA0006318 2022-10-07 2022-10-07 Textbook
Copyright @ Delhi University Library System